Zeitwirtschaft in der Serienfertigung. Entwicklung der Fertigungsvorbereitung und Bedeutung der Zeitwirtschaft im Siemens Gerätewerk Amberg.
Uplatňovanie zásad hospodárenia s časom pri príprave výroby v Siemens-Gerätewerk Amberg. Postup pri kalkulácii času potrebného na výrobu jednotlivých nástrojov. Preferovanie individuálnych pracovísk pri malých sériách. Vytvorenie čiastočne autonómnych pracovných skupín, ktoré pracujú pružne s menším...
Guardado en:
| Autor principal: | |
|---|---|
| Formato: | Capítulo de libro |
| Lenguaje: | alemán |
| Materias: | |
| Etiquetas: |
Sin Etiquetas, Sea el primero en etiquetar este registro!
|
MARC
| LEADER | 00000naa a2200000 4500 | ||
|---|---|---|---|
| 001 | r003276 | ||
| 005 | 20221130103230.6 | ||
| 041 | 0 | |a ger | |
| 044 | |a DE | ||
| 245 | 1 | 0 | |a Zeitwirtschaft in der Serienfertigung. |b Entwicklung der Fertigungsvorbereitung und Bedeutung der Zeitwirtschaft im Siemens Gerätewerk Amberg. |c B. Saurenbach |
| 520 | |a Uplatňovanie zásad hospodárenia s časom pri príprave výroby v Siemens-Gerätewerk Amberg. Postup pri kalkulácii času potrebného na výrobu jednotlivých nástrojov. Preferovanie individuálnych pracovísk pri malých sériách. Vytvorenie čiastočne autonómnych pracovných skupín, ktoré pracujú pružne s menším vynaložením pracovného času. | ||
| 610 | 2 | 0 | |a ekonómia času |
| 610 | 2 | 0 | |a výroba sériová |
| 610 | 2 | 0 | |a skupiny pracovné |
| 610 | 2 | 0 | |a čas pracovný |
| 610 | 2 | 0 | |a príprava výroby |
| 610 | 2 | 0 | |a kvalifikácia |
| 610 | 2 | 0 | |a Nemecko |
| 100 | 1 | |a Saurenbach, B. | |